[Event "European Individual Chess Championship 2017"]
[Site "?"]
[Date "2017.06.08"]
[Round "9.48"]
[White "Parligras, Mircea-Emilian"]
[Black "Esipenko, Andrey"]
[Result "1-0"]
[BlackElo "2509"]
[WhiteElo "2607"]
[LiveChessVersion "1.4.8"]

1. d4 {[%clk 1:30:57]} Nf6 {[%clk 1:30:49]} 2. c4 {[%clk 1:31:11]} e6
{[%clk 1:31:10]} 3. Nf3 {[%clk 1:31:31]} b6 {[%clk 1:31:32]} 4. Bf4
{[%clk 1:31:44]} Bb7 {[%clk 1:30:50]} 5. e3 {[%clk 1:32:02]} Be7 {[%clk 1:27:37]}
6. Nc3 {[%clk 1:29:50]} Nh5 {[%clk 1:23:17]} 7. Bd3 {[%clk 1:29:24]} Nxf4
{[%clk 1:21:39]} 8. exf4 {[%clk 1:29:48]} O-O {[%clk 1:21:39]} 9. Qe2
{[%clk 1:29:00]} Bf6 {[%clk 1:18:48]} 10. O-O-O {[%clk 1:27:49]} c5
{[%clk 1:09:53]} 11. d5 {[%clk 1:11:55]} Bxc3 {[%clk 0:49:22]} 12. bxc3
{[%clk 1:12:01]} Qf6 {[%clk 0:47:53]} 13. Qe5 {[%clk 1:06:29]} Qxe5
{[%clk 0:36:34]} 14. fxe5 {[%clk 1:06:47]} Na6 {[%clk 0:29:15]} 15. Rhe1
{[%clk 0:58:06]} Nc7 {[%clk 0:28:41]} 16. Be4 {[%clk 0:52:44]} exd5 17. cxd5
{[%clk 0:50:01]} d6 {[%clk 0:25:30]} 18. c4 {[%clk 0:46:25]} Ne8 {[%clk 0:24:58]}
19. Ng5 {[%clk 0:44:02]} f5 {[%clk 0:19:47]} 20. exf6 {[%clk 0:41:25]} Nxf6
{[%clk 0:19:24]} 21. Bf5 {[%clk 0:41:37]} Ba6 {[%clk 0:18:03]} 22. Re7
{[%clk 0:32:25]} Bxc4 {[%clk 0:17:18]} 23. Be6+ {[%clk 0:29:35]} Kh8
{[%clk 0:17:47]} 24. Nf7+ {[%clk 0:28:29]} Rxf7 {[%clk 0:18:15]} 25. Rxf7
{[%clk 0:28:33]} b5 {[%clk 0:11:27]} 26. Kb2 {[%clk 0:18:52]} a5 {[%clk 0:11:19]}
27. f3 {[%clk 0:17:33]} a4 {[%clk 0:10:06]} 28. a3 {[%clk 0:12:00]} h6
{[%clk 0:07:50]} 29. Rb7 {[%clk 0:09:56]} Rd8 {[%clk 0:07:08]} 30. h4
{[%clk 0:08:34]} Nh5 {[%clk 0:07:05]} 31. Rf7 {[%clk 0:08:19]} Ng3
{[%clk 0:07:06]} 32. Re1 {[%clk 0:06:03]} Ne2 {[%clk 0:07:00]} 33. Bf5
{[%clk 0:05:08]} Nf4 {[%clk 0:02:29]} 34. g3 {[%clk 0:01:57]} Nxd5
{[%clk 0:02:26]} 35. Rd7 {[%clk 0:02:17]} Rf8 {[%clk 0:02:26]} 36. g4
{[%clk 0:02:15]} Bb3 {[%clk 0:01:54]} 37. Rxd6 {[%clk 0:02:14]} c4
{[%clk 0:01:35]} 38. Re5 {[%clk 0:02:29]} c3+ {[%clk 0:01:40]} 39. Kb1
{[%clk 0:01:54]} Nf4 {[%clk 0:00:55]} 40. Rxb5 {[%clk 0:31:14]} Ng2
{[%clk 0:30:41]} 41. Rc6 {[%clk 0:21:52]} Nxh4 {[%clk 0:28:06]} 42. Rxc3
{[%clk 0:21:02]} Nxf5 {[%clk 0:25:29]} 43. Rxf5 {[%clk 0:21:08]} Rb8
{[%clk 0:23:40]} 44. Rfc5 {[%clk 0:20:12]} Kh7 {[%clk 0:22:57]} 45. Re3
{[%clk 0:18:46]} Rb7 {[%clk 0:22:59]} 46. Kc1 {[%clk 0:18:17]} Rd7
{[%clk 0:22:49]} 47. Kb2 {[%clk 0:18:28]} Kg6 {[%clk 0:22:28]} 48. Kc3
{[%clk 0:18:40]} Rf7 {[%clk 0:20:31]} 49. Rd3 {[%clk 0:18:08]} Kh7
{[%clk 0:20:22]} 50. Kd4 {[%clk 0:17:39]} Re7 {[%clk 0:20:21]} 51. Re5
{[%clk 0:17:55]} Rc7 {[%clk 0:20:38]} 52. Rc3 {[%clk 0:17:14]} Rd7+
{[%clk 0:20:54]} 53. Ke3 {[%clk 0:17:39]} Rf7 {[%clk 0:20:41]} 54. Kf2
{[%clk 0:17:39]} Rd7 {[%clk 0:18:53]} 55. Kg3 {[%clk 0:17:56]} Rf7
{[%clk 0:18:57]} 56. Rec5 {[%clk 0:18:01]} g5 {[%clk 0:18:55]} 57. Rc7
{[%clk 0:17:46]} Rxc7 {[%clk 0:19:18]} 58. Rxc7+ {[%clk 0:18:12]} Kg6
{[%clk 0:19:45]} 59. Rc6+ {[%clk 0:18:30]} Kg7 {[%clk 0:20:09]} 60. Kf2
{[%clk 0:18:46]} Kh7 {[%clk 0:20:24]} 61. Ke3 {[%clk 0:18:58]} Kg7
{[%clk 0:20:48]} 62. Ke4 {[%clk 0:18:45]} Ba2 {[%clk 0:20:40]} 63. Ke5
{[%clk 0:18:43]} Bg8 {[%clk 0:21:01]} 64. Kd6 {[%clk 0:14:46]} Bb3
{[%clk 0:21:05]} 65. Ke5 {[%clk 0:12:17]} Bg8 {[%clk 0:20:25]} 66. Kd4
{[%clk 0:12:20]} Bb3 {[%clk 0:19:55]} 67. Rb6 {[%clk 0:12:08]} Bd1
{[%clk 0:19:34]} 68. Ke3 {[%clk 0:12:33]} Kh7 {[%clk 0:19:50]} 69. Rd6
{[%clk 0:12:56]} Bb3 {[%clk 0:19:49]} 70. Rd4 {[%clk 0:13:01]} Kg6
{[%clk 0:19:30]} 71. Ke2 {[%clk 0:12:49]} Kf6 {[%clk 0:18:29]} 72. Rb4
{[%clk 0:12:50]} Ke5 {[%clk 0:18:49]} 73. Rb6 {[%clk 0:12:20]} Kd4
{[%clk 0:19:12]} 74. Kd2 {[%clk 0:11:31]} Bd5 {[%clk 0:19:23]} 75. Rb4+
{[%clk 0:11:48]} Kc5 {[%clk 0:19:39]} 76. Ke3 {[%clk 0:11:56]} Bb3
{[%clk 0:20:03]} 77. Rb8 {[%clk 0:11:38]} Bd5 {[%clk 0:19:47]} 78. Rh8
{[%clk 0:10:53]} Kc4 {[%clk 0:20:11]} 79. Rxh6 {[%clk 0:11:16]} Kb3
{[%clk 0:20:38]} 80. Rd6 {[%clk 0:11:04]} Bf7 {[%clk 0:20:23]} 81. Rd7
{[%clk 0:09:38]} Be6 {[%clk 0:20:28]} 82. Re7 {[%clk 0:09:30]} Bg8
{[%clk 0:20:22]} 83. Rg7 {[%clk 0:08:48]} Be6 {[%clk 0:20:46]} 84. Rxg5
{[%clk 0:07:47]} Kxa3 {[%clk 0:21:11]} 85. Rb5 {[%clk 0:08:11]} Ka2
{[%clk 0:20:54]} 86. g5 {[%clk 0:08:12]} a3 {[%clk 0:21:18]} 87. f4
{[%clk 0:07:37]} Ka1 {[%clk 0:21:35]} 88. f5 {[%clk 0:07:33]} a2 {[%clk 0:21:57]}
89. Ra5 {[%clk 0:07:52]} Bb3 {[%clk 0:22:08]} 90. g6 {[%clk 0:08:06]} 1-0

[Event "European Individual Chess Championship 2017"]
[Site "?"]
[Date "2017.06.08"]
[Round "9.49"]
[White "Hamitevici, Vladimir"]
[Black "Oparin, Grigoriy"]
[Result "1/2-1/2"]
[BlackElo "2604"]
[WhiteElo "2487"]
[LiveChessVersion "1.4.8"]

1. Nf3 {[%clk 1:30:15]} c5 {[%clk 1:30:33]} 2. g3 {[%clk 1:29:37]} b6
{[%clk 1:30:37]} 3. Bg2 {[%clk 1:28:49]} Bb7 {[%clk 1:31:02]} 4. O-O
{[%clk 1:28:15]} Nf6 {[%clk 1:31:25]} 5. d3 {[%clk 1:26:54]} d5 {[%clk 1:23:33]}
6. Nbd2 {[%clk 1:26:58]} e6 {[%clk 1:23:47]} 7. e4 {[%clk 1:25:12]} Be7
{[%clk 1:23:47]} 8. Re1 {[%clk 1:24:52]} Nc6 {[%clk 1:23:09]} 9. c3
{[%clk 1:23:42]} O-O {[%clk 1:21:33]} 10. e5 {[%clk 1:21:58]} Nd7
{[%clk 1:21:41]} 11. Nf1 {[%clk 1:22:17]} b5 {[%clk 1:20:35]} 12. h4
{[%clk 1:20:53]} b4 {[%clk 1:15:25]} 13. c4 {[%clk 1:15:08]} dxc4
{[%clk 1:12:30]} 14. dxc4 {[%clk 1:15:32]} Qb6 {[%clk 1:12:43]} 15. Bf4
{[%clk 1:10:25]} Rfd8 {[%clk 1:11:58]} 16. N1d2 {[%clk 1:06:42]} Rac8
{[%clk 0:52:27]} 17. h5 {[%clk 0:59:05]} h6 {[%clk 0:40:50]} 18. b3
{[%clk 0:48:37]} Nd4 {[%clk 0:36:50]} 19. Nxd4 {[%clk 0:48:43]} cxd4
{[%clk 0:37:08]} 20. Bxb7 Qxb7 {[%clk 0:37:34]} 21. Ne4 {[%clk 0:48:39]} d3
{[%clk 0:24:39]} 22. Qg4 {[%clk 0:46:50]} Kf8 {[%clk 0:24:28]} 23. Rad1
{[%clk 0:45:46]} Nc5 {[%clk 0:23:43]} 24. Nxc5 {[%clk 0:44:45]} Bxc5
{[%clk 0:22:53]} 25. Be3 {[%clk 0:44:47]} Be7 {[%clk 0:13:41]} 26. f4
{[%clk 0:25:40]} Rd7 {[%clk 0:11:31]} 27. Rf1 {[%clk 0:20:53]} Kg8
{[%clk 0:06:53]} 28. Qf3 {[%clk 0:19:44]} Qc7 {[%clk 0:06:25]} 29. Rd2
{[%clk 0:17:59]} Rcd8 {[%clk 0:06:51]} 30. Rfd1 {[%clk 0:16:52]} Bc5
{[%clk 0:04:37]} 31. Qf2 {[%clk 0:15:51]} Be7 {[%clk 0:04:59]} 32. Qf3
{[%clk 0:15:09]} Bc5 {[%clk 0:04:31]} 33. Kg2 {[%clk 0:13:33]} Bxe3
{[%clk 0:02:22]} 34. Qxe3 {[%clk 0:13:43]} Qc6+ {[%clk 0:02:21]} 35. Kf2
{[%clk 0:11:11]} Qa6 {[%clk 0:02:32]} 36. Kf3 {[%clk 0:10:48]} Rd4
{[%clk 0:01:33]} 37. Rxd3 {[%clk 0:11:08]} Rxd3 {[%clk 0:02:00]} 38. Rxd3
{[%clk 0:11:33]} Rxd3 {[%clk 0:02:28]} 39. Qxd3 {[%clk 0:11:53]} Qxa2
{[%clk 0:02:54]} 40. c5 {[%clk 0:39:52]} Qa1 {[%clk 0:32:57]} 41. Qd8+
{[%clk 0:30:17]} Kh7 {[%clk 0:33:15]} 42. Qd3+ {[%clk 0:13:48]} Kg8
{[%clk 0:33:40]} 43. Qd8+ {[%clk 0:09:12]} 1/2-1/2

[Event "European Individual Chess Championship 2017"]
[Site "?"]
[Date "2017.06.08"]
[Round "9.50"]
[White "Bosiocic, Marin"]
[Black "Godena, Michele"]
[Result "1-0"]
[BlackElo "2506"]
[WhiteElo "2603"]
[LiveChessVersion "1.4.8"]

1. e4 {[%clk 1:30:55]} e5 {[%clk 1:30:52]} 2. Nf3 {[%clk 1:31:15]} Nc6
{[%clk 1:31:16]} 3. Bb5 {[%clk 1:31:38]} Bc5 {[%clk 1:27:22]} 4. c3
{[%clk 1:31:44]} Nf6 {[%clk 1:27:34]} 5. d4 {[%clk 1:32:05]} exd4
{[%clk 1:27:54]} 6. e5 {[%clk 1:32:27]} Ne4 {[%clk 1:28:17]} 7. cxd4
{[%clk 1:32:45]} Bb4+ {[%clk 1:28:20]} 8. Nbd2 {[%clk 1:33:07]} O-O
{[%clk 1:07:43]} 9. O-O {[%clk 1:32:57]} Nxd2 {[%clk 1:07:46]} 10. Bxd2
{[%clk 1:33:19]} Bxd2 {[%clk 1:08:12]} 11. Qxd2 {[%clk 1:33:43]} Ne7
{[%clk 0:54:58]} 12. Qf4 {[%clk 1:34:04]} d6 {[%clk 0:51:36]} 13. Rfe1
{[%clk 1:27:15]} Ng6 {[%clk 0:11:51]} 14. Qg3 {[%clk 1:20:24]} dxe5
{[%clk 0:11:38]} 15. dxe5 {[%clk 1:20:23]} Qd5 {[%clk 0:12:04]} 16. Ba4
{[%clk 1:09:53]} Qc4 {[%clk 0:11:38]} 17. Bb3 {[%clk 1:10:00]} Qg4
{[%clk 0:11:37]} 18. Ng5 {[%clk 1:05:13]} Qxg3 {[%clk 0:03:59]} 19. fxg3
{[%clk 1:03:39]} h6 {[%clk 0:01:05]} 20. Nxf7 {[%clk 0:58:39]} Rxf7
{[%clk 0:01:34]} 21. Rf1 {[%clk 0:58:52]} Nxe5 {[%clk 0:02:00]} 22. Rae1
{[%clk 0:55:07]} Kf8 {[%clk 0:02:27]} 23. Rxf7+ {[%clk 0:54:14]} Nxf7
{[%clk 0:02:53]} 24. Rf1 {[%clk 0:54:36]} Ke7 {[%clk 0:02:58]} 25. Rxf7+
{[%clk 0:54:58]} Kd6 {[%clk 0:03:24]} 26. Rxg7 {[%clk 0:55:17]} Bf5
{[%clk 0:03:44]} 27. Rf7 {[%clk 0:49:17]} Bd3 {[%clk 0:01:24]} 28. Rf6+
{[%clk 0:47:00]} Ke5 {[%clk 0:01:41]} 29. Rxh6 {[%clk 0:46:59]} Rf8
{[%clk 0:01:11]} 30. Rh5+ {[%clk 0:42:14]} Kd4 {[%clk 0:00:48]} 31. Rh4+
{[%clk 0:41:30]} Ke3 {[%clk 0:01:04]} 32. Rf4 {[%clk 0:41:55]} Rc8
{[%clk 0:00:34]} 33. Rf3+ {[%clk 0:40:43]} Kd4 {[%clk 0:00:47]} 34. g4
{[%clk 0:39:42]} c5 {[%clk 0:01:06]} 35. Bf7 {[%clk 0:39:46]} b5 {[%clk 0:01:03]}
36. g5 {[%clk 0:40:01]} Rc6 {[%clk 0:00:35]} 37. Rxd3+ {[%clk 0:38:13]} Kxd3
{[%clk 0:01:00]} 38. g6 {[%clk 0:38:38]} 1-0

[Event "European Individual Chess Championship 2017"]
[Site "?"]
[Date "2017.06.08"]
[Round "9.51"]
[White "Neiksans, Arturs"]
[Black "Shevchenko, Kirill"]
[Result "1/2-1/2"]
[BlackElo "2491"]
[WhiteElo "2599"]
[LiveChessVersion "1.4.8"]

1. d4 {[%clk 1:30:57]} Nf6 {[%clk 1:30:56]} 2. c4 {[%clk 1:31:22]} e6
{[%clk 1:31:19]} 3. Nf3 {[%clk 1:31:47]} b6 {[%clk 1:31:43]} 4. g3
{[%clk 1:32:12]} Bb7 {[%clk 1:32:07]} 5. Bg2 {[%clk 1:32:36]} Be7
{[%clk 1:32:32]} 6. O-O {[%clk 1:32:58]} O-O {[%clk 1:32:57]} 7. Nc3
{[%clk 1:33:23]} Ne4 {[%clk 1:33:17]} 8. Bd2 {[%clk 1:33:48]} Bf6
{[%clk 1:33:25]} 9. Be1 {[%clk 1:34:10]} Nxc3 {[%clk 1:30:10]} 10. Bxc3
{[%clk 1:34:27]} Be4 {[%clk 1:30:33]} 11. Qa4 {[%clk 1:34:34]} d6
{[%clk 1:22:46]} 12. Rfd1 {[%clk 1:32:42]} Qc8 {[%clk 1:19:03]} 13. Rac1
{[%clk 1:24:50]} Qa6 {[%clk 1:00:31]} 14. Qxa6 {[%clk 1:03:59]} Nxa6
{[%clk 1:00:55]} 15. Ne1 {[%clk 1:04:07]} Bxg2 {[%clk 0:59:07]} 16. Nxg2
{[%clk 1:04:16]} Rfd8 {[%clk 0:54:10]} 17. e4 {[%clk 1:03:13]} c5
{[%clk 0:48:01]} 18. Ne3 {[%clk 0:59:14]} cxd4 {[%clk 0:44:31]} 19. Bxd4
{[%clk 0:57:21]} e5 {[%clk 0:31:19]} 20. Bc3 {[%clk 0:55:47]} Bg5
{[%clk 0:31:35]} 21. Bd2 {[%clk 0:50:04]} Nc5 {[%clk 0:31:01]} 22. f3
{[%clk 0:50:08]} Bxe3+ 23. Bxe3 {[%clk 0:50:17]} f6 {[%clk 0:24:34]} 24. Rd2
{[%clk 0:44:05]} Kf7 {[%clk 0:24:12]} 25. Rcd1 {[%clk 0:44:29]} Ke7
{[%clk 0:21:11]} 26. Kf2 {[%clk 0:41:57]} Rac8 {[%clk 0:18:38]} 27. Ke2
{[%clk 0:37:32]} Rc6 {[%clk 0:18:07]} 28. b3 {[%clk 0:36:55]} Rdc8
{[%clk 0:17:34]} 29. Rd5 {[%clk 0:30:52]} a6 {[%clk 0:13:43]} 30. R5d2
{[%clk 0:22:14]} Ke6 {[%clk 0:11:58]} 31. Kf2 {[%clk 0:21:16]} Ke7
{[%clk 0:07:51]} 32. Kg2 {[%clk 0:20:57]} R8c7 {[%clk 0:05:09]} 33. h4
{[%clk 0:18:49]} Rd7 {[%clk 0:01:04]} 34. Kh3 {[%clk 0:14:20]} b5
{[%clk 0:00:58]} 35. cxb5 {[%clk 0:06:52]} axb5 {[%clk 0:01:24]} 36. Rc2
{[%clk 0:07:15]} Rcc7 {[%clk 0:00:32]} 37. Kg2 {[%clk 0:02:44]} Na6
{[%clk 0:00:43]} 38. Rcd2 {[%clk 0:01:11]} Nb4 {[%clk 0:00:39]} 39. Kf2
{[%clk 0:01:30]} Nc2 {[%clk 0:00:40]} 40. Bb6 {[%clk 0:31:02]} Rc6
{[%clk 0:31:03]} 41. Rc1 {[%clk 0:29:40]} Rxb6 {[%clk 0:26:31]} 42. Rcxc2
{[%clk 0:28:36]} Ra7 {[%clk 0:22:41]} 43. Ke3 {[%clk 0:24:56]} Kd7
{[%clk 0:20:56]} 44. h5 {[%clk 0:24:40]} Rc6 {[%clk 0:18:18]} 45. Rxc6
{[%clk 0:22:22]} Kxc6 {[%clk 0:18:42]} 46. Rc2+ {[%clk 0:22:47]} Kb6
{[%clk 0:17:33]} 47. Kd3 {[%clk 0:17:55]} Ra8 {[%clk 0:17:13]} 48. g4
{[%clk 0:17:55]} h6 {[%clk 0:15:10]} 49. Kc3 {[%clk 0:15:48]} Kc5
{[%clk 0:13:52]} 50. Rd2 {[%clk 0:10:37]} Ra3 {[%clk 0:12:39]} 51. Rd5+
{[%clk 0:10:28]} Kc6 {[%clk 0:13:04]} 52. Kb2 {[%clk 0:10:53]} Ra7
{[%clk 0:12:24]} 53. a3 {[%clk 0:10:08]} Ra8 {[%clk 0:12:07]} 54. Rd1
{[%clk 0:10:14]} Kc5 {[%clk 0:12:18]} 55. Rd5+ {[%clk 0:07:01]} Kc6
{[%clk 0:12:43]} 56. Rd1 {[%clk 0:07:28]} Kc5 {[%clk 0:13:08]} 57. Rc1+
{[%clk 0:07:56]} Kd4 {[%clk 0:08:05]} 58. Rc7 {[%clk 0:08:22]} Ke3
{[%clk 0:08:25]} 59. Rxg7 {[%clk 0:08:48]} Kxf3 {[%clk 0:08:43]} 60. Rf7
{[%clk 0:08:42]} Kxg4 {[%clk 0:05:48]} 61. Rxf6 {[%clk 0:09:07]} Kxh5
{[%clk 0:06:10]} 62. Rxd6 {[%clk 0:09:32]} Kg5 {[%clk 0:06:04]} 63. Re6
{[%clk 0:09:41]} b4 {[%clk 0:02:41]} 64. a4 {[%clk 0:09:19]} Kf4 {[%clk 0:03:00]}
65. Rxh6 {[%clk 0:09:33]} Kxe4 {[%clk 0:03:27]} 66. Rh4+ {[%clk 0:09:41]} Kd3
{[%clk 0:03:47]} 67. Rxb4 {[%clk 0:09:57]} e4 {[%clk 0:03:49]} 68. Rb7
{[%clk 0:09:52]} Rd8 {[%clk 0:03:19]} 69. Re7 {[%clk 0:05:24]} e3
{[%clk 0:03:41]} 70. a5 {[%clk 0:05:18]} e2 {[%clk 0:02:48]} 71. a6
{[%clk 0:03:05]} Rd6 {[%clk 0:00:48]} 72. a7 {[%clk 0:03:23]} Ra6
{[%clk 0:01:15]} 73. Rd7+ {[%clk 0:02:59]} Ke3 {[%clk 0:01:34]} 74. Re7+
{[%clk 0:02:30]} Kd3 {[%clk 0:01:57]} 75. Rd7+ {[%clk 0:02:37]} Ke3
{[%clk 0:02:22]} 76. Re7+ 1/2-1/2

[Event "European Individual Chess Championship 2017"]
[Site "?"]
[Date "2017.06.08"]
[Round "9.52"]
[White "Bok, Benjamin"]
[Black "Kantans, Toms"]
[Result "1-0"]
[BlackElo "2473"]
[WhiteElo "2598"]
[LiveChessVersion "1.4.8"]

1. Nf3 {[%clk 1:30:57]} Nf6 {[%clk 1:30:28]} 2. c4 {[%clk 1:31:16]} c5
{[%clk 1:30:52]} 3. Nc3 {[%clk 1:31:33]} Nc6 {[%clk 1:31:16]} 4. g3
{[%clk 1:31:03]} g6 {[%clk 1:31:30]} 5. Bg2 {[%clk 1:30:20]} Bg7 {[%clk 1:31:54]}
6. d4 {[%clk 1:30:40]} d5 {[%clk 1:32:17]} 7. dxc5 {[%clk 1:25:12]} dxc4
{[%clk 1:32:40]} 8. Qxd8+ {[%clk 1:19:39]} Nxd8 {[%clk 1:33:02]} 9. O-O
{[%clk 1:08:53]} Bd7 {[%clk 1:30:45]} 10. Ne5 {[%clk 0:49:57]} Rc8
{[%clk 1:29:52]} 11. Rd1 {[%clk 0:45:10]} Be6 {[%clk 1:27:21]} 12. Be3
{[%clk 0:44:11]} Ne4 {[%clk 1:25:31]} 13. Bxe4 {[%clk 0:41:02]} Bxe5
{[%clk 1:25:55]} 14. Rac1 {[%clk 0:40:46]} f5 {[%clk 1:26:07]} 15. Bd5
{[%clk 0:30:09]} Kf7 {[%clk 1:25:20]} 16. f4 {[%clk 0:28:28]} Bf6
{[%clk 1:23:25]} 17. Na4 {[%clk 0:27:47]} Rc7 {[%clk 1:19:24]} 18. Kf2
{[%clk 0:22:13]} Bxd5 {[%clk 1:16:40]} 19. Rxd5 {[%clk 0:22:41]} Ne6
{[%clk 1:17:02]} 20. Rd2 {[%clk 0:13:36]} Rd8 {[%clk 1:13:59]} 21. Rdc2
{[%clk 0:10:27]} Rdc8 {[%clk 0:58:13]} 22. Rxc4 {[%clk 0:10:26]} b5
{[%clk 0:58:36]} 23. cxb6 {[%clk 0:10:49]} Rxc4 {[%clk 0:59:00]} 24. Rxc4
{[%clk 0:11:10]} Rxc4 {[%clk 0:59:25]} 25. b7 {[%clk 0:11:35]} Rb4
{[%clk 0:59:36]} 26. Nb6 {[%clk 0:11:56]} Rxb2 {[%clk 0:59:53]} 27. b8=Q
{[%clk 0:11:57]} axb6 {[%clk 0:59:55]} 28. Qa8 {[%clk 0:10:03]} Rb4
{[%clk 0:49:10]} 29. a3 {[%clk 0:07:46]} Rb3 {[%clk 0:45:02]} 30. Qa4
{[%clk 0:01:51]} Rb2 {[%clk 0:45:25]} 31. Qc4 {[%clk 0:00:36]} b5
{[%clk 0:45:07]} 32. Qd5 {[%clk 0:00:35]} b4 {[%clk 0:45:00]} 33. a4
{[%clk 0:00:35]} b3 {[%clk 0:44:58]} 34. a5 {[%clk 0:00:33]} Ra2 {[%clk 0:44:48]}
35. Qxb3 {[%clk 0:00:34]} Rxa5 {[%clk 0:45:13]} 36. h3 {[%clk 0:00:41]} h5
{[%clk 0:45:19]} 37. Kf3 {[%clk 0:00:34]} Ra6 {[%clk 0:44:50]} 38. g4
{[%clk 0:00:36]} hxg4+ {[%clk 0:43:54]} 39. hxg4 {[%clk 0:01:05]} Rd6
{[%clk 0:39:17]} 40. Bf2 {[%clk 0:30:36]} Kg7 {[%clk 1:01:37]} 41. Qb1
{[%clk 0:16:18]} Nd4+ {[%clk 0:37:47]} 42. Bxd4 {[%clk 0:16:30]} fxg4+
{[%clk 0:38:12]} 43. Kxg4 {[%clk 0:13:04]} Rxd4 {[%clk 0:37:16]} 44. e4
{[%clk 0:09:08]} Kf7 {[%clk 0:36:18]} 45. Qb7 {[%clk 0:06:34]} Bg7
{[%clk 0:31:52]} 46. Qb3+ {[%clk 0:05:53]} Kf8 {[%clk 0:29:19]} 47. Kg5
{[%clk 0:04:57]} e5 {[%clk 0:26:21]} 48. Qb8+ {[%clk 0:03:16]} Kf7
{[%clk 0:25:59]} 49. Qc7+ {[%clk 0:03:22]} 1-0

[Event "European Individual Chess Championship 2017"]
[Site "?"]
[Date "2017.06.08"]
[Round "9.53"]
[White "Diermair, Andreas"]
[Black "Ter-Sahakyan, Samvel"]
[Result "0-1"]
[BlackElo "2598"]
[WhiteElo "2472"]
[LiveChessVersion "1.4.8"]

1. e4 {[%clk 1:30:56]} c5 {[%clk 1:30:47]} 2. Nf3 {[%clk 1:31:19]} d6
{[%clk 1:31:03]} 3. Bb5+ {[%clk 1:31:31]} Nd7 {[%clk 1:29:52]} 4. c3
{[%clk 1:30:32]} Ngf6 {[%clk 1:28:25]} 5. Qe2 {[%clk 1:30:43]} a6
{[%clk 1:25:28]} 6. Ba4 {[%clk 1:30:10]} b5 {[%clk 1:25:51]} 7. Bc2
{[%clk 1:30:30]} Bb7 {[%clk 1:25:48]} 8. d4 {[%clk 1:26:31]} cxd4
{[%clk 1:16:25]} 9. cxd4 {[%clk 1:25:26]} Rc8 {[%clk 1:16:49]} 10. Nc3
{[%clk 1:22:31]} b4 {[%clk 1:13:39]} 11. Nd1 {[%clk 1:21:37]} Rxc2
{[%clk 1:07:41]} 12. Qxc2 {[%clk 1:21:57]} Bxe4 {[%clk 1:08:05]} 13. Qe2
{[%clk 1:19:41]} Qa8 {[%clk 1:07:36]} 14. Bd2 {[%clk 1:14:02]} Qb7
{[%clk 1:01:55]} 15. a3 {[%clk 1:12:35]} b3 {[%clk 1:00:28]} 16. Rc1
{[%clk 1:11:02]} e6 {[%clk 0:57:05]} 17. Qc4 {[%clk 1:05:12]} Bc2
{[%clk 0:48:04]} 18. Ne3 {[%clk 1:02:00]} Nb6 {[%clk 0:46:25]} 19. Qe2
{[%clk 1:00:53]} Be4 {[%clk 0:39:57]} 20. O-O {[%clk 0:48:00]} Be7
{[%clk 0:36:18]} 21. Ba5 {[%clk 0:46:31]} O-O {[%clk 0:28:11]} 22. Rc3
{[%clk 0:44:24]} Nbd5 {[%clk 0:25:45]} 23. Nxd5 {[%clk 0:43:02]} Qxd5
{[%clk 0:25:40]} 24. Bb6 {[%clk 0:39:19]} Qb7 {[%clk 0:17:41]} 25. Ba5
{[%clk 0:37:10]} Qd5 {[%clk 0:12:17]} 26. Bc7 {[%clk 0:32:48]} Qf5
{[%clk 0:09:10]} 27. Nd2 {[%clk 0:30:23]} Ba8 {[%clk 0:08:23]} 28. Qd3
{[%clk 0:20:27]} Qxd3 {[%clk 0:03:48]} 29. Rxd3 {[%clk 0:20:54]} Nd5
{[%clk 0:04:13]} 30. Ba5 {[%clk 0:20:25]} Nf4 {[%clk 0:04:38]} 31. Rxb3
{[%clk 0:20:00]} Bxg2 {[%clk 0:05:02]} 32. Re1 {[%clk 0:18:26]} Bd5
{[%clk 0:05:27]} 33. Rc3 {[%clk 0:16:15]} f5 {[%clk 0:04:53]} 34. Kf1
{[%clk 0:11:21]} Rf6 {[%clk 0:03:10]} 35. Rc8+ {[%clk 0:10:55]} Kf7
{[%clk 0:03:23]} 36. Re3 {[%clk 0:10:02]} Rh6 {[%clk 0:03:29]} 37. Nf3
{[%clk 0:08:19]} g5 {[%clk 0:02:18]} 38. Bd8 {[%clk 0:05:46]} Bxd8
{[%clk 0:02:32]} 39. Rxd8 {[%clk 0:06:14]} g4 {[%clk 0:02:16]} 40. Ng1
{[%clk 0:31:19]} Rxh2 {[%clk 0:31:38]} 41. Rc3 {[%clk 0:29:01]} Bg2+
{[%clk 0:23:53]} 42. Ke1 {[%clk 0:29:11]} Rh1 {[%clk 0:24:04]} 43. Rc7+
{[%clk 0:29:25]} Kf6 {[%clk 0:21:06]} 44. Rf8+ {[%clk 0:28:03]} Kg5
{[%clk 0:20:57]} 45. Rg8+ {[%clk 0:27:56]} Kh6 {[%clk 0:19:45]} 46. Rgg7
{[%clk 0:25:48]} Rxg1+ {[%clk 0:18:12]} 47. Kd2 {[%clk 0:26:16]} Nd5
{[%clk 0:17:23]} 48. Rxh7+ {[%clk 0:26:28]} Kg5 {[%clk 0:17:33]} 49. Rc1
{[%clk 0:23:35]} Rxc1 {[%clk 0:17:41]} 50. Kxc1 {[%clk 0:24:03]} Kf4
{[%clk 0:17:54]} 51. Kd2 {[%clk 0:24:26]} Kf3 {[%clk 0:17:44]} 52. Ke1
{[%clk 0:24:47]} Nf4 {[%clk 0:18:10]} 53. b4 {[%clk 0:24:58]} Nd3+
{[%clk 0:18:31]} 54. Kd2 {[%clk 0:25:25]} Nxf2 {[%clk 0:18:55]} 55. a4
{[%clk 0:25:27]} Bf1 {[%clk 0:19:16]} 56. b5 {[%clk 0:24:26]} axb5
{[%clk 0:19:39]} 57. a5 {[%clk 0:24:51]} b4 {[%clk 0:20:03]} 0-1

[Event "European Individual Chess Championship 2017"]
[Site "?"]
[Date "2017.06.08"]
[Round "9.54"]
[White "Pacher, Milan"]
[Black "Lopez Martinez, Josep Manuel"]
[Result "0-1"]
[BlackElo "2597"]
[WhiteElo "2450"]
[LiveChessVersion "1.4.8"]

1. e4 {[%clk 1:30:56]} e6 {[%clk 1:27:57]} 2. d3 {[%clk 1:29:40]} c5
{[%clk 1:25:52]} 3. g3 {[%clk 1:29:27]} Nc6 {[%clk 1:23:56]} 4. Bg2
{[%clk 1:29:51]} g6 {[%clk 1:23:32]} 5. Nf3 {[%clk 1:29:59]} Bg7 {[%clk 1:23:55]}
6. O-O {[%clk 1:30:17]} Nge7 {[%clk 1:24:12]} 7. Nbd2 {[%clk 1:30:08]} O-O
{[%clk 1:24:20]} 8. Re1 {[%clk 1:30:13]} e5 {[%clk 1:24:23]} 9. a3
{[%clk 1:28:33]} d5 {[%clk 1:20:24]} 10. exd5 {[%clk 1:25:17]} Nxd5
{[%clk 1:20:46]} 11. Nc4 {[%clk 1:25:17]} f6 {[%clk 1:14:50]} 12. Nfd2
{[%clk 1:14:12]} b6 {[%clk 1:00:24]} 13. a4 {[%clk 0:58:07]} Rb8 {[%clk 0:58:57]}
14. Ne4 {[%clk 0:56:55]} Kh8 {[%clk 0:53:24]} 15. a5 {[%clk 0:54:08]} Be6
{[%clk 0:49:18]} 16. axb6 {[%clk 0:51:28]} axb6 {[%clk 0:49:42]} 17. f4
{[%clk 0:51:13]} Qd7 {[%clk 0:50:06]} 18. fxe5 {[%clk 0:49:38]} fxe5
{[%clk 0:50:31]} 19. c3 {[%clk 0:48:12]} Bh3 {[%clk 0:48:49]} 20. Bg5
{[%clk 0:39:07]} Bxg2 21. Kxg2 {[%clk 0:39:32]} h6 {[%clk 0:45:46]} 22. Bd2
{[%clk 0:38:09]} Nde7 {[%clk 0:45:51]} 23. Qe2 {[%clk 0:33:54]} Rfd8
{[%clk 0:39:43]} 24. Nf2 {[%clk 0:27:30]} b5 {[%clk 0:38:32]} 25. Na5
{[%clk 0:27:37]} c4 {[%clk 0:38:28]} 26. Qe4 {[%clk 0:25:43]} Nxa5
{[%clk 0:33:15]} 27. Rxa5 {[%clk 0:26:11]} cxd3 {[%clk 0:33:21]} 28. Bxh6
{[%clk 0:20:04]} Bxh6 {[%clk 0:15:53]} 29. Qxe5+ {[%clk 0:20:30]} Bg7
{[%clk 0:15:47]} 30. Qxe7 {[%clk 0:20:53]} d2 {[%clk 0:16:09]} 31. Qh4+
{[%clk 0:13:48]} Kg8 {[%clk 0:16:31]} 32. Rf1 {[%clk 0:10:37]} Rf8
{[%clk 0:16:39]} 33. Raa1 {[%clk 0:09:46]} Rbe8 {[%clk 0:16:49]} 34. Qg5
{[%clk 0:09:02]} Qc6+ {[%clk 0:16:29]} 35. Kg1 {[%clk 0:08:54]} Re2
{[%clk 0:16:04]} 36. Rad1 {[%clk 0:07:58]} Qd7 {[%clk 0:07:47]} 37. Qxg6
{[%clk 0:04:01]} Qa7 {[%clk 0:07:45]} 38. Kg2 {[%clk 0:03:16]} Rfxf2+
{[%clk 0:07:51]} 39. Rxf2 {[%clk 0:03:43]} Rxf2+ {[%clk 0:06:50]} 40. Kh3
{[%clk 0:34:07]} Qd7+ {[%clk 0:36:59]} 41. g4 {[%clk 0:34:33]} Qd5
{[%clk 0:34:48]} 42. Qe8+ {[%clk 0:34:49]} Rf8 {[%clk 0:34:59]} 0-1